00587nam a2200121Ia 4500008004100000100002200041245008700063245017700150260005300327260000900380650001500389856006100404170221s9999 xx 000 0 und d aViktor I. Abramov 4aThe Preconditions of Economic Management of Problematic Region in a Federal State  cViktor I. Abramov, Sofia Sh. Ostanina, Ekaterina L. Vodolazhskaya, Alexey D. Chudnovskiy, Maxim A. Suchkov, Larisa F. Zhandarova, Alla A. Rybolovleva, Guzel B. Sayfutdinova bInternational Review of Management and Marketing c2013 xMarketing. uhttp://www.econjournals.com/index.php/irmm/issue/view/71